| 000 | 00908nam a2200253Ia 4500 | ||
|---|---|---|---|
| 003 | GCL | ||
| 008 | 140319s9999 xx 000 0 ara d | ||
| 040 |
_aGCL / _cGCL |
||
| 082 | 0 | 4 |
_a956.9 _bب ن |
| 100 | 1 | _aبرهان الدجانى | |
| 245 | 1 | 0 |
_aالنزاع العربى الاسرائيلى: مجموعة مقالات ظهرت فى مجلة الازمنة الحديثة / _cبرهان الدجانى |
| 700 | 1 | _aعبدالوهاب كيالى | |
| 700 | 1 | _aعيسى نخله | |
| 700 | 1 | _aصالح شبل | |
| 700 | 1 | _aسامى هدراوى | |
| 300 | _a130 ص | ||
| 490 |
_aالهيئة العامة للاستعلامات _v0 |
||
| 650 | 0 | 4 | _aالنزاع العربى الاسرائيلى |
| 650 | 0 | 4 | _aالقضية الفلسطينية |
| 650 | 0 | 4 | _aفلسطين المحتلة |
| 650 | 0 | 4 | _aاللاجئون الفلسطينيون |
| 650 | 0 | 4 | _aوعد بلفور |
| 942 |
_2ddc _cBK |
||
| 999 |
_c50586 _d50586 |
||